History Quiz

Random History or Song Quiz

God Save the Tsar Quiz Stats

 Plays Quiz not verified by Sporcle

Challenge
Share
Tweet
Score 0/20 Timer 05:00
0 Plays Today
Lyrics % Correct
Tsar
89.1%
Bozhe,
54.3%
Bozhe,
54.3%
Tsarya
53.3%
Tsarya
53.3%
na
51.1%
Na
51.1%
na
51.1%
khrani!
50%
khrani!
50%
Lyrics % Correct
Sil'niy,
40.2%
derzhavniy,
39.1%
slavu,
37%
slavu
37%
nam!
35.9%
Tsarstvuiy
31.5%
Tsarstvuiy
31.5%
strakh
28.3%
vragam,
28.3%
pravoslavniy.
26.1%

You're not logged in!

Compare scores with friends on all Sporcle quizzes.
OR
Log In

You Might Also Like...

Show Comments

Extras

Top Quizzes Today


Score Distribution

Your Account Isn't Verified!

In order to create a playlist on Sporcle, you need to verify the email address you used during registration. Go to your Sporcle Settings to finish the process.

Report this User

Report this user for behavior that violates our Community Guidelines.

Details: